Online
Catalog

Documentos fundamentales de la historia de los Estados Unidos de América / Richard B. Morris ; traducción Antonio Guzmán Balboa. (Record no. 22375)

MARC details
000 -CABECERA
campo de control de longitud fija 00638nam a2200181 a 4500
001 - NÚMERO DE CONTROL
campo de control 000022878
005 - FECHA Y HORA DE LA ÚLTIMA TRANSACCIÓN
campo de control 20200930021843.0
008 - DATOS DE LONGITUD FIJA--INFORMACIÓN GENERAL
campo de control de longitud fija 101122s1986 mx r 000 0 spa d
040 ## - FUENTE DE LA CATALOGACIÓN
Centro catalogador/agencia de origen DO-SdBNP
Lengua de catalogación spa
Centro/agencia transcriptor BNPHU
082 ## - NÚMERO DE LA CLASIFICACIÓN DECIMAL DEWEY
Número de clasificación xxxx
Número de documento/Ítem M875d
049 ## - FONDOS LOCALES (OCLC)
Fondos de biblioteca BNGR
100 1# - ENTRADA PRINCIPAL--NOMBRE DE PERSONA
Nombre de persona Morris, Richard B.,
Fechas asociadas al nombre 1904-1989
9 (RLIN) 47020
245 10 - MENCIÓN DE TÍTULO
Título Documentos fundamentales de la historia de los Estados Unidos de América / Richard B. Morris ; traducción Antonio Guzmán Balboa.
260 ## - PUBLICACIÓN, DISTRIBUCIÓN, ETC.
Lugar de publicación, distribución, etc. México, D. F. ; :
Nombre del editor, distribuidor, etc. Limusa,
Fecha de publicación, distribución, etc. 1986.
300 ## - DESCRIPCIÓN FÍSICA
Extensión 317 p. ;
Dimensiones 20 cm.
500 ## - NOTA GENERAL
Nota general Incluye notas al pie de las páginas.
700 1# - PUNTO DE ACCESO ADICIONAL--NOMBRE DE PERSONA
Nombre de persona Guzmán Balboa, Antonio,
Término indicativo de función/relación tr.
9 (RLIN) 47021
Holdings
Estado de retiro Estado de pérdida Restricciones de uso No para préstamo Código de colección Localización permanente Ubicación/localización actual Ubicación en estantería Fecha de adquisición Número de inventario Total de préstamos Signatura topográfica completa Código de barras Fecha visto por última vez Precio válido a partir de Tipo de ítem Koha
        Monografías: Libros y Folletos General General En catalogación 22.11.2010 LF1   xxxx M875d 22878-10 25.06.2020 25.06.2020 Préstamo en sala

Powered by Koha